=LDR 00000nam 2200000 4500 =001 INLIS000000000047673 =005 20160205145407.0 =006 =007 =008 =035 ##$$0010-021600000000061 =082 ##$$a 741.5 =090 ##$$a 741.5 tam s.3 =100 ##$$a writer illustrator =245 ##$$a scienge out of lab =260 ##$$a elex media kopitindo =300 ##$$a hln. 200 =850 ##$$a NPBMAT =990 ##$$a 0001/BPAP-NTB/2016